[Event "Malaga op-13"]
[Site "Malaga"]
[Date "2010.02.20"]
[Round "1.31"]
[White "Canamero Corredera, Jose Antoni"]
[Black "Lopez Gonzalez, Daniel"]
[Result "0-1"]
[WhiteElo "1662"]
[BlackElo "2202"]
[PlyCount "92"]
[EventDate "2010.02.20"]

1. d4 Nf6 2. Nf3 e6 3. Bf4 c5 4. e3 Nc6 5. Nbd2 d5 6. c3 Bd6 7. Bg3 O-O 8. Bd3
Re8 9. Ne5 Bxe5 10. dxe5 Nd7 11. f4 c4 12. Bc2 Qb6 13. Rb1 Qxe3+ 14. Qe2 Qxe2+
15. Kxe2 f6 16. Nf3 b5 17. a3 a5 18. Ra1 Bb7 19. h4 Rf8 20. h5 fxe5 21. fxe5 h6
22. Rh4 b4 23. Rf4 Rab8 24. Ba4 bxc3 25. bxc3 Nc5 26. Bc2 Bc8 27. Rb1 Nb3 28.
Rxf8+ Kxf8 29. Ke3 Bd7 30. Nd4 Ncxd4 31. cxd4 Be8 32. Bg6 Rc8 33. Bxe8 Kxe8 34.
Rb2 c3 35. Rc2 Na1 36. Rc1 Nb3 37. Rc2 Rc4 38. Kd3 Nxd4 39. Rc1 a4 40. Bf2 Nb5
41. Be1 Rg4 42. Bxc3 Rg3+ 43. Ke2 Rxg2+ 44. Kd3 Rg3+ 45. Kd2 Nxc3 46. Rxc3 Rxc3
0-1

[Event "Malaga op-13"]
[Site "Malaga"]
[Date "2010.02.20"]
[Round "1.32"]
[White "Gutierrez Castillo, Paloma"]
[Black "Zinoun, Said"]
[Result "1-0"]
[WhiteElo "2161"]
[BlackElo "1627"]
[PlyCount "67"]
[EventDate "2010.02.20"]

1. e4 e6 2. Nf3 d5 3. Nc3 Nf6 4. e5 Nfd7 5. d4 c5 6. dxc5 Bxc5 7. Bd3 Nc6 8.
Bf4 f6 9. exf6 Nxf6 10. O-O O-O 11. Ne5 Nb4 12. Qe2 Nxd3 13. cxd3 Bd7 14. Rae1
Re8 15. Bg5 Be7 16. Nxd7 Qxd7 17. Qxe6+ Qxe6 18. Rxe6 Kf7 19. Rfe1 h6 20. Bxf6
Bxf6 21. Rxe8 Rxe8 22. Rxe8 Kxe8 23. Nxd5 Bxb2 24. Kf1 Kd7 25. Ke2 Bd4 {=} 26.
f4 a5 27. Kf3 Kd6 28. Ke4 Bc5 29. d4 Bb4 30. Nxb4 axb4 31. d5 g6 32. g4 b6 33.
Kd4 b5 34. f5 1-0

[Event "Malaga op-13"]
[Site "Malaga"]
[Date "2010.02.20"]
[Round "1.33"]
[White "Girela Sarrion, Manuel"]
[Black "Anaya Lopez, Victor Jose"]
[Result "0-1"]
[WhiteElo "1571"]
[BlackElo "2157"]
[PlyCount "52"]
[EventDate "2010.02.20"]

1. e4 c5 2. Nf3 Nc6 3. d4 cxd4 4. Nxd4 Nf6 5. Nc3 e5 6. Ndb5 d6 7. Bg5 a6 8.
Na3 b5 9. Bxf6 gxf6 10. Nd5 Bg7 11. Bd3 Ne7 12. Nxe7 Qxe7 13. c4 f5 14. O-O O-O
15. cxb5 d5 16. f3 Rb8 17. Qe2 fxe4 18. fxe4 dxe4 19. Qxe4 f5 20. Bc4+ Kh8 21.
Qe2 e4 22. Rad1 Bb7 23. Bd5 Qc5+ 24. Kh1 Bxd5 25. Rc1 Qb4 26. bxa6 Bxb2 0-1

[Event "Malaga op-13"]
[Site "Malaga"]
[Date "2010.02.20"]
[Round "1.34"]
[White "Garcia Rodriguez, Victor"]
[Black "Acriz Ibanez, Salvador"]
[Result "1-0"]
[WhiteElo "2137"]
[BlackElo "1537"]
[PlyCount "55"]
[EventDate "2010.02.20"]

1. e4 c5 2. Nf3 d6 3. d4 cxd4 4. Nxd4 Nf6 5. Nc3 a6 6. Bg5 e6 7. f4 Nbd7 8. Qf3
Be7 9. O-O-O O-O 10. Bc4 Qc7 11. Bb3 b5 12. g4 Bb7 13. Bxf6 Nxf6 14. g5 Nd7 15.
g6 Nc5 16. gxf7+ Kh8 17. Nxe6 Nxe6 18. Bxe6 Bf6 19. Nd5 Bxd5 20. Rxd5 b4 21.
Rh5 h6 22. Qh3 Rxf7 23. Bxf7 Qxf7 24. Rg1 Qxa2 25. Rxh6+ Kg8 26. Rh8+ Kf7 27.
Qd7+ Be7 28. Qf5+ 1-0

[Event "Malaga op-13"]
[Site "Malaga"]
[Date "2010.02.20"]
[Round "1.35"]
[White "Anillo Fernandez, Isabel Maria"]
[Black "Walton, Alan J"]
[Result "0-1"]
[WhiteElo "1453"]
[BlackElo "2137"]
[PlyCount "62"]
[EventDate "2010.02.20"]

1. e4 e6 2. d4 d5 3. e5 c5 4. c3 Nc6 5. Nf3 Qb6 6. Be2 f6 7. exf6 Nxf6 8. O-O
Bd6 9. Re1 O-O 10. b3 cxd4 11. cxd4 e5 12. Bb2 e4 13. Ne5 Qc7 14. Nc3 a6 15.
Rc1 Qb8 16. f4 exf3 17. Bxf3 Nxe5 18. dxe5 Bxe5 19. Bxd5+ Kh8 20. Ba3 Bxh2+ 21.
Kh1 Bd6 22. Bxd6 Qxd6 23. Bf3 Qg3 24. Ne4 Nxe4 25. Rxe4 Bf5 26. Rd4 Rab8 27.
Qd2 b5 28. Rc6 Rbe8 29. Rc1 Rf6 30. Bh5 Rh6 31. Qxh6 Re1+ 0-1

[Event "Malaga op-13"]
[Site "Malaga"]
[Date "2010.02.20"]
[Round "1.56"]
[White "Jimenez Ruiz, Jose Carlos"]
[Black "Ortiz Suarez, Isan Reynaldo"]
[Result "0-1"]
[WhiteElo "1979"]
[BlackElo "2527"]
[PlyCount "72"]
[EventDate "2010.02.20"]

1. c4 e5 2. g3 Nc6 3. Bg2 g6 4. Nc3 Bg7 5. e4 Nge7 6. Nge2 O-O 7. O-O d6 8. f4
Be6 9. d3 Qd7 10. Nd5 Bg4 11. Nxe7+ Nxe7 12. f5 gxf5 13. h3 Bxe2 14. Qxe2 fxe4
15. dxe4 c6 16. Be3 f5 17. Qh5 Qe6 18. Rad1 Rad8 19. Bg5 f4 20. Bf3 Bf6 21. Bg4
Qxc4 22. Bxf6 Rxf6 23. Qg5+ Kf7 24. Bh5+ Ng6 25. gxf4 Qc5+ 26. Kh1 Qe3 27. Rde1
Qxh3+ 28. Kg1 exf4 29. Rxf4 Rxf4 30. Qxf4+ Kg7 31. Bxg6 hxg6 32. Rf1 Qe6 33.
Qf2 Qe7 34. Qd4+ Qe5 35. Qe3 Re8 36. Rf4 Qg5+ 0-1

[Event "Malaga op-13"]
[Site "Malaga"]
[Date "2010.02.21"]
[Round "2.1"]
[White "Korneev, Oleg"]
[Black "Charleshouse, Glenn L"]
[Result "1-0"]
[WhiteElo "2573"]
[BlackElo "2203"]
[PlyCount "71"]
[EventDate "2010.02.20"]

1. e4 c5 2. Nf3 e6 3. d4 cxd4 4. Nxd4 Nf6 5. Nc3 d6 6. Be3 Be7 7. f3 O-O 8. Qd2
a6 9. O-O-O Nc6 10. g4 Qc7 11. g5 Nd7 12. h4 Nxd4 13. Qxd4 b5 14. h5 Bb7 15. h6
e5 16. Qd2 g6 17. Kb1 Nb6 18. f4 b4 19. Nd5 Nxd5 20. exd5 a5 21. Rh2 f6 22. Bh3
Bc8 23. Be6+ Bxe6 24. dxe6 fxg5 25. fxg5 Qc4 26. Rf2 Qxe6 27. Rxf8+ Rxf8 28. b3
Rf5 29. Qd3 Bxg5 30. Bxg5 Rxg5 31. Qa6 Rf5 32. Rxd6 Qe7 33. Qc4+ Kh8 34. Re6
Qd7 35. a4 bxa3 36. Qc7 1-0

[Event "Malaga op-13"]
[Site "Malaga"]
[Date "2010.02.21"]
[Round "2.2"]
[White "Cuenca Jimenez, Francisco Javie"]
[Black "Paunovic, Dragan"]
[Result "0-1"]
[WhiteElo "2205"]
[BlackElo "2551"]
[PlyCount "58"]
[EventDate "2010.02.20"]

1. c4 g6 2. g3 Bg7 3. Bg2 c5 4. Nc3 Nc6 5. a3 d6 6. e4 Nf6 7. d3 O-O 8. Nge2 a6
9. Rb1 Bg4 10. f3 Bd7 11. b4 cxb4 12. axb4 b5 13. c5 a5 14. cxd6 exd6 15. bxa5
b4 16. Nd5 Nxd5 17. exd5 Ne7 18. Bg5 Re8 19. O-O Qxa5 20. Bxe7 Rxe7 21. Qd2
Rae8 22. Rf2 Bc3 23. Nxc3 bxc3 24. Qc2 Re1+ 25. Rxe1 Rxe1+ 26. Rf1 Ba4 27. Qf2
Rxf1+ 28. Kxf1 c2 29. Qe3 Qc3 0-1

[Event "Malaga op-13"]
[Site "Malaga"]
[Date "2010.02.21"]
[Round "2.3"]
[White "Matamoros Franco, Carlos S"]
[Black "Gutierrez Castillo, Paloma"]
[Result "1-0"]
[WhiteElo "2545"]
[BlackElo "2161"]
[PlyCount "45"]
[EventDate "2010.02.20"]

1. c4 e6 2. g3 d5 3. Bg2 c6 4. Nf3 Nf6 5. d4 Nbd7 6. O-O Bd6 7. Nc3 O-O 8. Nd2
b6 9. e4 dxe4 10. Ndxe4 Nxe4 11. Nxe4 Be7 12. Bf4 Bb7 13. Nd6 Bxd6 14. Bxd6 Re8
15. Re1 Nf8 16. c5 b5 17. a4 a6 18. h4 h6 19. Be4 Qc8 20. Qh5 f5 21. Bc2 Nh7
22. Bb3 Kh8 23. Qf7 1-0

[Event "Malaga op-13"]
[Site "Malaga"]
[Date "2010.02.21"]
[Round "2.4"]
[White "Lopez Gonzalez, Daniel"]
[Black "Strikovic, Aleksa"]
[Result "0-1"]
[WhiteElo "2202"]
[BlackElo "2531"]
[PlyCount "120"]
[EventDate "2010.02.20"]

1. e4 c5 2. Nf3 e6 3. d4 cxd4 4. Nxd4 a6 5. c4 Nf6 6. Nc3 Bb4 7. Bd3 Qc7 8. O-O
Nc6 9. Nxc6 dxc6 10. Qe2 e5 11. h3 O-O 12. Be3 Nd7 13. Rac1 Bc5 14. Na4 Bxe3
15. Qxe3 b6 16. c5 b5 17. Nc3 Rd8 18. Ne2 Nf8 19. Ng3 g6 20. Rcd1 Qe7 21. Bc2
Be6 22. Qc3 f6 23. a3 a5 24. Rxd8 Rxd8 25. Qxa5 Rd4 26. Ne2 Rd7 27. Qc3 Bc4 28.
Bb3 Bxb3 29. Qxb3+ Ne6 30. Rc1 Rd2 31. Ng3 Kg7 32. a4 bxa4 33. Qxa4 Qd7 34. b4
Nf4 35. b5 cxb5 36. Qa3 b4 37. Qe3 Rd3 38. c6 Rxe3 39. cxd7 Rd3 40. Rc7 Kh6 41.
Rb7 b3 42. d8=Q Rxd8 43. Rxb3 {=} Kg5 44. Rb6 Rd1+ 45. Kh2 Rd2 46. Kg1 Rd1+ 47.
Kh2 h5 48. h4+ Kxh4 49. Rxf6 Kg5 50. Rf8 Re1 51. Re8 Nd3 52. f3 h4 53. Nh1 Re2
54. Kg1 Ra2 55. Rd8 Ra3 56. Rd6 Rb3 57. Kh2 Kh5 58. Rd8 Ra3 59. Rd7 g5 60. Rd6
h3 0-1

[Event "Malaga op-13"]
[Site "Malaga"]
[Date "2010.02.21"]
[Round "2.6"]
[White "Recuero Guerra, David"]
[Black "Ramos Moreno, Francisco Jose"]
[Result "1-0"]
[WhiteElo "2480"]
[BlackElo "2132"]
[PlyCount "55"]
[EventDate "2010.02.20"]

1. e4 b6 2. d4 Bb7 3. Bd3 Nf6 4. Qe2 e6 5. Nf3 c5 6. d5 Be7 7. d6 Bxd6 8. e5
Bc7 9. exf6 gxf6 10. c4 Nc6 11. Nc3 Qe7 12. Nb5 Bb8 13. Bd2 a6 14. Nc3 Bc7 15.
O-O-O O-O-O 16. Rhe1 Rdg8 17. g3 h5 18. Nd5 exd5 19. Qxe7 Nxe7 20. Rxe7 Bd8 21.
Rxf7 dxc4 22. Bf5 Bxf3 23. Bxd7+ Kb8 24. Bf4+ Ka8 25. Be6 Rf8 26. Rg7 b5 27.
Rd6 Bb7 28. Bd5 1-0

[Event "Malaga op-13"]
[Site "Malaga"]
[Date "2010.02.21"]
[Round "2.7"]
[White "Anaya Lopez, Victor Jose"]
[Black "Carlsson, Pontus"]
[Result "0-1"]
[WhiteElo "2157"]
[BlackElo "2476"]
[PlyCount "88"]
[EventDate "2010.02.20"]

1. e4 c5 2. Nf3 d6 3. d4 Nf6 4. Nc3 cxd4 5. Nxd4 a6 6. Bg5 e6 7. f4 Qb6 8. Qd2
Nc6 9. Nb3 Ng4 10. Bh4 Be7 11. Bxe7 Kxe7 12. Nd1 Qb4 13. Bd3 Qxd2+ 14. Kxd2 h6
15. c3 g5 16. g3 b6 17. Be2 Nf6 18. Bf3 Bb7 19. Ke2 Rac8 20. Ne3 b5 21. a3 Nd7
22. Rac1 Nb6 23. c4 Na4 24. Rc2 Nc5 25. Nxc5 Nd4+ 26. Kd3 dxc5 27. Rf2 Nxf3 28.
Rxf3 f5 29. Nd5+ exd5 30. exd5 Kd6 31. b3 g4 32. Re3 Rce8 33. Re5 Bc8 34. Rhe1
h5 35. Kc3 Bd7 36. R1e3 Rb8 37. Re7 Rhe8 38. R7e5 a5 39. Kc2 a4 40. cxb5 axb3+
41. Kb2 c4 42. a4 Kc5 43. Kc3 Rxe5 44. Rxe5 Re8 0-1

[Event "Malaga op-13"]
[Site "Malaga"]
[Date "2010.02.21"]
[Round "2.9"]
[White "Walton, Alan J"]
[Black "Berbatov, Kiprian"]
[Result "0-1"]
[WhiteElo "2137"]
[BlackElo "2455"]
[PlyCount "74"]
[EventDate "2010.02.20"]

1. d4 Nf6 2. Bg5 e6 3. e4 c5 4. e5 h6 5. Bc1 Nh7 6. dxc5 Nc6 7. Nf3 Bxc5 8. Bd3
Ng5 9. Nbd2 Qc7 10. Qe2 Bd4 11. O-O Nxf3+ 12. Nxf3 Bxe5 13. Nxe5 Nxe5 14. Bf4
d6 15. Bb5+ Ke7 16. Bxe5 dxe5 17. Qg4 g5 18. Rad1 Qc5 19. Ba4 b5 20. Qe4 Rb8
21. b4 Bb7 22. Qxb7+ Rxb7 23. bxc5 bxa4 24. Rde1 f6 25. Re4 Rc8 26. Rc4 Rc6 27.
Rd1 Rbc7 28. Rxa4 Rxc5 29. Rc1 f5 30. g3 e4 31. c4 Kf6 32. Kf1 a5 33. Rd1 Rb7
34. a3 Rb2 35. Rd6 e3 36. fxe3 Rxh2 37. Ra6 Re5 0-1

[Event "Malaga op-13"]
[Site "Malaga"]
[Date "2010.02.21"]
[Round "2.11"]
[White "Cardoso Garcia, Sergio"]
[Black "Arribas Lopez, Angel"]
[Result "0-1"]
[WhiteElo "2125"]
[BlackElo "2441"]
[PlyCount "116"]
[EventDate "2010.02.20"]

1. e4 c5 2. Nc3 Nc6 3. g3 g6 4. Bg2 Bg7 5. f4 d6 6. d3 e6 7. Nf3 Nge7 8. O-O
O-O 9. Be3 b6 10. Qd2 d5 11. exd5 exd5 12. Bf2 d4 13. Nb5 Nd5 14. Rfe1 Bb7 15.
Kh1 Qd7 16. a4 Ne3 17. Bxe3 dxe3 18. Rxe3 Bxb2 19. Rb1 Bg7 20. Rbe1 Rac8 21.
Ne5 Nxe5 22. fxe5 Bh6 23. Nd6 Bxe3 24. Qxe3 Bxg2+ 25. Kxg2 Rc6 26. Qf4 f5 27.
Qc4+ Kg7 28. Qd5 f4 29. Rf1 g5 30. Nf5+ Qxf5 31. Qxc6 Qxe5 32. gxf4 gxf4 33.
Qf3 Qd4 34. Re1 Qxa4 35. c4 Qd7 36. Re4 Qd6 37. h4 Kh8 38. Kf2 a5 39. Qh5 f3
40. Qe5+ Qxe5 41. Rxe5 Rf6 42. Re7 Rd6 43. Re3 Rf6 44. Re7 Kg8 45. Rd7 h6 46.
d4 cxd4 47. Rxd4 Kf7 48. Rd5 Ke6 49. Rb5 Kd7 50. c5 bxc5 51. Rxc5 Ra6 52. Kxf3
a4 53. Rc2 a3 54. Ra2 Ra4 55. Kg3 Ke6 56. Ra1 a2 57. Re1+ Kd5 58. Ra1 h5 0-1

[Event "Malaga op-13"]
[Site "Malaga"]
[Date "2010.02.21"]
[Round "2.12"]
[White "Cisnero Alvarez, Juan Jose"]
[Black "Ivanov, Jordan"]
[Result "0-1"]
[WhiteElo "2110"]
[BlackElo "2409"]
[PlyCount "52"]
[EventDate "2010.02.20"]

1. c4 e5 2. g3 Nc6 3. Bg2 g6 4. Nc3 Bg7 5. e4 d6 6. Nge2 h5 7. h4 Nh6 8. d3 O-O
9. O-O Be6 10. Nd5 f5 11. Bg5 Qd7 12. b4 Rae8 13. Qd2 Kh7 14. f3 Nd8 15. Rad1
c6 16. Ne3 Ndf7 17. d4 exd4 18. Nxd4 fxe4 19. Nxe6 Qxe6 20. fxe4 Nxg5 21. hxg5
Nf7 22. Nf5 Be5 23. Rc1 Qc8 24. Bh3 Qd8 25. Nh6 Nxg5 26. Rxf8 Rxf8 0-1

[Event "Malaga op-13"]
[Site "Malaga"]
[Date "2010.02.21"]
[Round "2.13"]
[White "Karim, Ismael"]
[Black "Penalonga Sweers, Angel"]
[Result "1-0"]
[WhiteElo "2386"]
[BlackElo "2082"]
[PlyCount "87"]
[EventDate "2010.02.20"]

1. e4 c5 2. Nf3 Nc6 3. d4 cxd4 4. Nxd4 Nf6 5. Nc3 e5 6. Ndb5 d6 7. Na3 a6 8.
Nc4 b5 9. Ne3 Be7 10. g3 h5 11. Bg2 h4 12. Nf5 h3 13. Bf3 g6 14. Nxe7 Nxe7 15.
Bg5 Nh7 16. Be3 Bb7 17. Qd2 Qc7 18. O-O-O Rd8 19. g4 f6 20. Rhg1 Nf8 21. Qe2 g5
22. Nd5 Bxd5 23. exd5 Rc8 24. Kb1 Nfg6 25. Be4 Qc4 26. Bd3 Qa4 27. f3 Kf7 28.
Be4 Qc4 29. Qd2 Nf4 30. Rge1 Neg6 31. Bf5 Rb8 32. Bf2 Qc7 33. Rc1 Nh4 34. Be4
Nhg2 35. Red1 Qc4 36. b3 Qe2 37. Qa5 Qxf2 38. Qc7+ Kg8 39. Qxb8+ Kg7 40. Qc7+
Kh6 41. Qxd6 Rg8 42. Qxf6+ Ng6 43. Bxg6 Rxg6 44. Qh8# 1-0

[Event "Malaga op-13"]
[Site "Malaga"]
[Date "2010.02.21"]
[Round "2.14"]
[White "Medina Menendez, Eduardo Matias"]
[Black "Quillan, Gary"]
[Result "0-1"]
[WhiteElo "2109"]
[BlackElo "2364"]
[PlyCount "52"]
[EventDate "2010.02.20"]

1. Nf3 Nf6 2. g3 d5 3. Bg2 c6 4. O-O Bf5 5. d4 e6 6. c4 Be7 7. Nc3 h6 8. Qb3
Qc8 9. Nd2 O-O 10. e4 dxe4 11. Ndxe4 Rd8 12. Rd1 Bg4 13. f3 Bh5 14. Bf4 Nxe4
15. Nxe4 Nd7 16. Nd6 Bxd6 17. Bxd6 Nb6 18. Bb4 Qc7 19. Ba5 c5 20. Qb5 Rdc8 21.
b4 cxd4 22. Qxh5 Qxc4 23. f4 Nd5 24. Bxd5 exd5 25. Qe5 Re8 26. Qxd4 Re1+ 0-1

[Event "Malaga op-13"]
[Site "Malaga"]
[Date "2010.02.21"]
[Round "2.16"]
[White "Ladron De Guevara Pinto, Paolo"]
[Black "Munoz Moreno, Francisco Javier"]
[Result "1/2-1/2"]
[WhiteElo "2079"]
[BlackElo "2295"]
[PlyCount "72"]
[EventDate "2010.02.20"]

1. e4 c5 2. Nf3 Nc6 3. d4 cxd4 4. Nxd4 Nf6 5. Nc3 d6 6. Bc4 Qb6 7. Nb3 e6 8.
Be3 Qc7 9. Qe2 a6 10. a4 b6 11. O-O Be7 12. f4 O-O 13. Nd4 Bb7 14. Rf3 Nxd4 15.
Bxd4 Nxe4 16. Nxe4 Bxe4 17. Qxe4 Qxc4 18. Rc3 Qb4 19. Rb3 Qc4 20. Rc3 Qb4 21.
Rb3 Qd2 22. Bc3 Qd5 23. Qxd5 exd5 24. Rd1 Rab8 25. Rxd5 Rfc8 26. Rd2 b5 27.
axb5 axb5 28. Bb4 Rb6 29. Rbd3 Kf8 30. c3 Rcc6 31. Rh3 h6 32. Rd5 Rc4 33. Rf3
Ke8 34. g3 Re4 35. Kf2 g6 36. Rfd3 Kd7 1/2-1/2

[Event "Malaga op-13"]
[Site "Malaga"]
[Date "2010.02.21"]
[Round "2.17"]
[White "Naranjo Moreno, Antonio"]
[Black "Ortega Valle, Jose Ramon"]
[Result "1-0"]
[WhiteElo "2290"]
[BlackElo "2054"]
[PlyCount "127"]
[EventDate "2010.02.20"]

1. e4 c5 2. Nf3 d6 3. d4 cxd4 4. Nxd4 Nf6 5. Nc3 a6 6. Bg5 e6 7. f4 b5 8. e5
dxe5 9. fxe5 Qc7 10. Qe2 Nfd7 11. O-O-O Bc5 12. Nf3 O-O 13. Qe4 Bb7 14. Qh4
Nxe5 15. Nxe5 Qxe5 16. Bd3 h6 17. Bd2 f5 18. Rhf1 Nc6 19. Ne2 Be3 20. Nf4 Bxf4
21. Rxf4 Qf6 22. Qxf6 Rxf6 23. Be3 Rff8 24. Re1 g5 25. Rf2 Rae8 26. a4 b4 27.
Bd2 Kg7 28. c3 Rd8 29. Bc2 b3 30. Bxb3 e5 31. Be3 e4 32. Bb6 Rb8 33. g4 Bc8 34.
a5 Nxa5 35. Bxa5 Rxb3 36. Bb4 Re8 37. gxf5 e3 38. Rf3 g4 39. f6+ Kf7 40. Rfxe3
Rxe3 41. Rxe3 Be6 42. Re5 Kxf6 43. Ra5 Bf5 44. Rxa6+ Kg7 45. Rb6 Kh7 46. Rf6
Bg6 47. Rb6 h5 48. Rb7+ Kg8 49. Rb8+ Kh7 50. Bd6 Bf7 51. Kd2 Kg6 52. Ke3 Kf5
53. Kd4 Rxb8 54. Bxb8 Ke6 55. b4 Kd7 56. Kc5 Kc8 57. Bg3 Kb7 58. c4 Be8 59. b5
Bf7 60. Kb4 Bg6 61. c5 Bd3 62. c6+ Kb6 63. Bf2+ Kc7 64. Kc5 1-0

[Event "Malaga op-13"]
[Site "Malaga"]
[Date "2010.02.21"]
[Round "2.18"]
[White "Aranaz Murillo, Amalia"]
[Black "Camacho Collados, Marcos"]
[Result "1-0"]
[WhiteElo "2057"]
[BlackElo "2284"]
[PlyCount "181"]
[EventDate "2010.02.20"]

1. Nf3 Nf6 2. c4 g6 3. Nc3 Bg7 4. e4 d6 5. d4 O-O 6. Be2 Na6 7. Bf4 Nh5 8. Be3
e5 9. Qd2 Qe8 10. Bh6 Bg4 11. Bxg7 Kxg7 12. g3 Nf6 13. d5 Nc5 14. Qe3 Na4 15.
Nb5 Qd7 16. b3 Nc5 17. Nxe5 dxe5 18. Qxc5 Bxe2 19. Kxe2 Nxe4 20. Qe3 Nf6 21.
Nc3 e4 22. h3 Rfe8 23. Rad1 Re5 24. g4 h5 25. Rhg1 hxg4 26. hxg4 Rae8 27. Qf4
a5 28. Rd4 b6 29. Nd1 Qd6 30. Ne3 Rh8 31. Rdd1 Ree8 32. Qg3 Reg8 33. Nc2 Nd7
34. Qxd6 cxd6 35. Nd4 Kf6 36. f4 Rh2+ 37. Ke3 Rh3+ 38. Ke2 Rgh8 39. g5+ Ke7 40.
Rg2 Nc5 41. f5 Nd3 42. Kd2 Nc5 43. Rg4 R8h4 44. Rxh4 Rxh4 45. Re1 Rh2+ 46. Kc3
Rh3+ 47. Kc2 e3 48. fxg6 fxg6 49. Ne2 Rh2 50. Kd1 Nd3 51. Rg1 Nf2+ 52. Kc2 Nh3
53. Re1 Nf4 54. Kd1 Nd3 55. Rg1 Kd7 56. Rg3 Rh1+ 57. Kc2 Nb4+ 58. Kb2 Rh2 59.
Rxe3 Rg2 60. a3 Na6 61. Kc3 Rxg5 62. b4 a4 63. Kd4 Rg4+ 64. Kd3 b5 65. cxb5 Nc7
66. Nc3 Rg5 67. Kd4 Rg4+ 68. Re4 Rg3 69. b6 Na6 70. Re3 Rg4+ 71. Kd3 Rg1 72.
Nxa4 g5 73. b5 Nb8 74. Nc3 g4 75. Ne4 Rc1 76. a4 Ra1 77. Nc3 Kc8 78. Re8+ Kb7
79. Rg8 g3 80. Kc4 Nd7 81. Rg7 g2 82. Rxd7+ Kxb6 83. Rxd6+ Kc7 84. Rc6+ Kb7 85.
Ne2 Re1 86. Rg6 Rxe2 87. Kb4 Rd2 88. Ka5 Ra2 89. Rg7+ Kc8 90. b6 Rb2 91. Ka6
1-0

[Event "Malaga op-13"]
[Site "Malaga"]
[Date "2010.02.21"]
[Round "2.19"]
[White "Terron Elena, Francisco Miguel"]
[Black "Fomani, Mehdi"]
[Result "1/2-1/2"]
[WhiteElo "2278"]
[BlackElo "2029"]
[PlyCount "81"]
[EventDate "2010.02.20"]

1. d4 d5 2. c4 c6 3. Nf3 Nf6 4. e3 e6 5. b3 Nbd7 6. Bb2 Bb4+ 7. Nbd2 Ne4 8. a3
Nxd2 9. Nxd2 Ba5 10. Bd3 Nf6 11. O-O O-O 12. Qe2 Re8 13. Rad1 Qe7 14. Kh1 Bd7
15. f3 Bc7 16. f4 Ba5 17. b4 Bc7 18. g4 g6 19. g5 Nh5 20. Qg2 a5 21. bxa5 Rxa5
22. Be2 Ng7 23. e4 Bd6 24. c5 Bc7 25. h4 b6 26. h5 Rea8 27. h6 Ne8 28. Bd3 Rxa3
29. Bxa3 Rxa3 30. Nb1 Ra8 31. cxb6 Bxb6 32. Qb2 Bc7 33. e5 c5 34. dxc5 Qxc5 35.
Qf2 Qb4 36. Qd2 Qd4 37. Nc3 Ba5 38. Ne2 Qb6 39. Rb1 Qxb1 40. Rxb1 Bxd2 41. Rb7
1/2-1/2

[Event "Malaga op-13"]
[Site "Malaga"]
[Date "2010.02.21"]
[Round "2.20"]
[White "Ladron De Guevara Pinto, Fermin"]
[Black "Gavilan Diaz, Mario"]
[Result "0-1"]
[WhiteElo "2044"]
[BlackElo "2278"]
[PlyCount "92"]
[EventDate "2010.02.20"]

1. d4 Nf6 2. Nf3 c5 3. g3 cxd4 4. Nxd4 e5 5. Nf3 Nc6 6. Bg2 d5 7. O-O Be7 8. c3
h6 9. Qc2 O-O 10. Nbd2 e4 11. Nd4 Nxd4 12. cxd4 Bf5 13. Nb3 Rc8 14. Qd1 a5 15.
Bf4 Qb6 16. Bd2 a4 17. Nc5 Qxb2 18. Be3 a3 19. Rb1 Qxa2 20. Rxb7 Rfe8 21. Qa1
Qxe2 22. Qxa3 Qh5 23. Ra1 Bh3 24. Qa6 Bxc5 25. dxc5 Ng4 26. Qf1 Bxg2 27. Qxg2
Nxe3 28. fxe3 Rxc5 29. Rf1 Rf8 30. Qb2 Qg5 31. Rf4 Qh5 32. Kg2 Rfc8 33. Rf2 Rc1
34. Rbxf7 Qxf7 35. Rxf7 R8c2+ 36. Rf2 Rxb2 37. Rxb2 Rc7 38. Rd2 Rd7 39. g4 Kf7
40. Kg3 Ke6 41. Rf2 Rf7 42. Rxf7 Kxf7 43. Kf4 Kf6 44. h4 g5+ 45. hxg5+ hxg5+
46. Kg3 Ke6 0-1

[Event "Malaga op-13"]
[Site "Malaga"]
[Date "2010.02.21"]
[Round "2.21"]
[White "Claros Egea, Cristian"]
[Black "Ladron De Guevara Pinto, Miguel"]
[Result "1-0"]
[WhiteElo "2271"]
[BlackElo "2020"]
[PlyCount "131"]
[EventDate "2010.02.20"]

1. e4 e6 2. d3 d5 3. Nd2 Nf6 4. g3 Be7 5. Bg2 b6 6. e5 Nfd7 7. Ngf3 Bb7 8. O-O
c5 9. Re1 Nc6 10. Nf1 Qc7 11. Qe2 Rc8 12. c3 d4 13. c4 a6 14. h4 b5 15. b3 bxc4
16. bxc4 Rb8 17. Bf4 O-O 18. h5 Ba8 19. h6 g6 20. N1h2 Rb4 21. Qd2 Rfb8 22. Bg5
Qd8 23. Qf4 Rb2 24. Bxe7 Qxe7 25. a3 Na5 26. Ng5 Bxg2 27. Kxg2 R8b3 28. Red1
Nb7 29. Ng4 a5 30. Ne4 Rb6 31. Rd2 R2b3 32. Raa2 a4 33. Ngf6+ Nxf6 34. Nxf6+
Kh8 35. Ra1 Na5 36. Nd7 Rc6 37. Qf3 Rb7 38. Nf6 Rcc7 39. Rb1 Nb3 40. Rdb2 Ra7
41. Re1 Rc8 42. Re4 Rb7 43. Re1 Ra7 44. g4 Rb7 45. g5 Ra7 46. Rh1 Rb7 47. Ne4
Ra7 48. Qf4 Rac7 49. Qf3 Ra7 50. Rh4 Kg8 51. Nf6+ Kh8 52. Rf4 Rf8 53. Ne4 Kg8
54. Rh4 Rc8 55. Rh1 Kh8 56. Rhb1 Rb8 57. Nxc5 Qxg5+ 58. Qg3 Qxh6 59. Nxa4 Rxa4
60. Rxb3 Rxb3 61. Rxb3 Qf8 62. Qf4 Rxa3 63. Rxa3 Qxa3 64. Qxf7 Qa8+ 65. Kg3 Qc8
66. Kf4 1-0

[Event "Malaga op-13"]
[Site "Malaga"]
[Date "2010.02.21"]
[Round "2.22"]
[White "Lara Granero, Bio"]
[Black "Picazo Lopez, Juan Antonio"]
[Result "0-1"]
[WhiteElo "2026"]
[BlackElo "2269"]
[PlyCount "58"]
[EventDate "2010.02.20"]

1. c4 Nf6 2. g3 e6 3. Bg2 d5 4. cxd5 exd5 5. Nf3 c6 6. O-O Bd6 7. d3 O-O 8. Nc3
Bg4 9. h3 Bh5 10. Re1 Qb6 11. e4 Bxg3 12. Qd2 dxe4 13. dxe4 Rd8 14. Qc2 Bxf3
15. Bxf3 Be5 16. Bg2 Nbd7 17. Be3 Qc7 18. Ne2 Nh5 19. Qc1 Bh2+ 20. Kh1 Ne5 21.
f4 Nd3 22. Qc3 Nxe1 23. Kxh2 Nxg2 24. Kxg2 Rd6 25. Qc5 Rd3 26. Kf3 Qb6 27. Qxb6
axb6 28. e5 c5 29. Nc3 Ng3 0-1

[Event "Malaga op-13"]
[Site "Malaga"]
[Date "2010.02.21"]
[Round "2.23"]
[White "Spence, David J"]
[Black "Garcia Albarracin, Jose Antonio"]
[Result "1/2-1/2"]
[WhiteElo "2268"]
[BlackElo "2006"]
[PlyCount "56"]
[EventDate "2010.02.20"]

1. e4 e6 2. d4 d5 3. Nc3 Nf6 4. e5 Nfd7 5. f4 c5 6. Nf3 Nc6 7. Be3 a6 8. Qd2
cxd4 9. Nxd4 Bc5 10. O-O-O Nxd4 11. Bxd4 b5 12. h4 b4 13. Ne2 Qb6 14. Qe3 a5
15. h5 Ba6 16. Bxc5 Qxc5 17. Nd4 a4 18. Kb1 b3 19. cxb3 axb3 20. a3 Bc4 21. f5
Nb6 22. Qc1 Na4 23. g4 Nxb2 24. Qxb2 Rxa3 25. Rc1 Ra2 26. Qxb3 Qxd4 27. Qb8+
Ke7 28. Qb7+ Ke8 1/2-1/2

[Event "Malaga op-13"]
[Site "Malaga"]
[Date "2010.02.21"]
[Round "2.24"]
[White "Marquez Bernal, Florencio"]
[Black "Serna Lara, Sergio"]
[Result "1/2-1/2"]
[WhiteElo "2003"]
[BlackElo "2263"]
[PlyCount "76"]
[EventDate "2010.02.20"]

1. Nf3 c5 2. c4 Nc6 3. Nc3 Nf6 4. g3 g6 5. Bg2 Bg7 6. O-O O-O 7. d3 d6 8. h3
Bd7 9. Be3 e5 10. Qd2 Rb8 11. Bg5 Ne7 12. Bxf6 Bxf6 13. Ne4 Nc8 14. b4 Be7 15.
bxc5 dxc5 16. Nxe5 Be6 17. Rfd1 f5 18. Nc3 Bf6 19. f4 Bxe5 20. fxe5 Qd4+ 21.
Kh2 Qxe5 22. Qf4 Qxf4 23. gxf4 Nd6 24. Rab1 Rfd8 25. Kg3 Kf7 26. a4 b6 27. Nb5
Nxb5 28. axb5 Rbc8 29. Ra1 Rc7 30. Ra4 Rdd7 31. Bc6 Re7 32. e3 Bc8 33. Kf3 a5
34. bxa6 Rxc6 35. a7 Bb7 36. a8=Q Bxa8 37. Rxa8 Rce6 38. Re1 Rd7 1/2-1/2